1411 1112 1207 1106 1644 1090 1211 1480 1057 1078 1242 1254 1831 1885 1652 1465 1287 1888 1461 1350 1530 1441 1842 1516 1438 1233 1879 1931 1279 1583 1849 1994 1625 1630 1875 1189 1421 1146 1553 1161 1255 1672 1883 1844 1416 1092 1475 1401 1967 1184 1011 1245 1005 1696 1053 1549 1252 1444 1822 1297 1715 1503 1475 1289 1935 1282 1848 1378 1920 1411 1932 1282 1179 1319 1014 1239 1005 1920 1646 1923 1682 1526 1732 1382 1979 1624 1753 1094 1634 1934 1030 1378 1915 1518 1506 1140 1644 1717 1570 BCNSPRNW ULIB Ver.6.0+V

เปลี่ยนเป็นภาษาไทย

Change to English
 แสดงรายละเอียดบรรณานุกรม
  กลับหน้าหลัก

Brief Record : Get Marc (ISO 2709) : E-mail record : QR code < ปิดหน้าต่าง
LEADER : 00000nam 2200000uu 4500
001    13399121507
003     ULIB
008    121122s2553||||th 000 0 tha d
099    วจ.WY18^bส761ก
100 0  สุชาติ เครื่องชัย และคนอื่นๆ
245 00 การปฏิบัติการศึกษาที่มีประสิทธิผล:ประสบการณ์จากสถาบันการศึกษาเดิมและความคาดหวังในสถาบันใหม่ของนักศึกษาชั้นปีที่ 1 วิทยาลัยพยาบาลบรมราชชนนี นครลำปาง
260    ลำปาง:^bวิทยาลัยพยาบาลบรมราชชนนี นครลำปาง,^c2553
300    63 แผ่น
710 1  วิทยาลัยพยาบาลบรมราชชนนี นครลำปาง
945    ^p0^l0^i033128
999    ^aใช้งานได้ทุกระบบ
รายการนี้ยังไม่มีแท็ก
คุณยังไม่ได้ล็อกอิน คุณสามารถมีกิจกรรมร่วมกับเว็บไซต์ได้ แต่ต้องล็อกอินก่อน ::
  ล็อกอิน

รายการสื่อสารสนเทศ

ลำดับที่ ประเภท เลขเรียก/บาร์โค้ด สถานที่ สถานะ
1. งานวิจัย
งานวิจัย
วจ.WY18 ส761ก  
  Barcode: 033128
ห้องสมุดวิทยาเขตสวรรค์ประชารักษ์
►วิจัย
บนชั้น

BibComment


ยังไม่เคยถูกคอมเมนท์

คอมเมนท์ทรัพยากรรายการนี้
  คอมเมนท์: การปฏิบัติการศึกษ..


 Copyright 2026. Bcnsprnw @Library